000 01270nas a2200277 4500
001 BR8200335
003 BR-BrBNA
005 20231205084954.0
007 ta
008 230509b bl.|||p| |||| 00| 00por d
040 _aBR-BrBNA
_bpor
_cBiblioteca Nacional de Agricultura
041 _a(Pt)
072 _aM40
100 1 _aSantos, G.M. dos
245 1 _aEstudos de alimentacao e habitos alimentares de Schizodon fasciatus Agassiz, 1829, Rhytiodus microlepis Kner, 1859 e Rhytiodus argenteofuscus Kner, 1859, do lago Janauaca, AM (Osteichthyhyes, Characoidei, Anostomidae)[Peixe de agua doce; Amazonas; Brasil]
_bParte de tese
246 1 _a[Studies on feeding and feeding habits of Schizodon fasciatus Agassis, 1829, Rhytiodus microlepis Kner, 1859 and Rhytiodus argenteofuscus Kner, 1859, from Janauaca lake, AM (OSTEICHTHYES, Characoidei, Anostomidae)[Freshwater fish; Amazonas; Brazil]]
_b[Part of thesis]
650 _aBiologia aquatica
650 _aPeixe de agua doce
650 _aNutricao animal
650 _aHabito alimentar
650 _aLago Janauaca
650 _aAmazonas
773 0 _tActa Amazonica (Brazil)
_xISSN 0044-5967
_g(Jun 1981), v. 11(2) p. 267-283
_wBR8200335
909 _a202311
_bLúcia
_c55
_dLúcia Elande
942 _2AGRIS
_n0
_cANA
999 _c108455
_d108455